<?xml version="1.0" encoding="UTF-8"?><?xml-stylesheet type="text/xsl" href="static/style.xsl"?><OAI-PMH xmlns="http://www.openarchives.org/OAI/2.0/" xmlns:xsi="http://www.w3.org/2001/XMLSchema-instance" xsi:schemaLocation="http://www.openarchives.org/OAI/2.0/ http://www.openarchives.org/OAI/2.0/OAI-PMH.xsd"><responseDate>2026-04-17T05:19:47Z</responseDate><request verb="GetRecord" identifier="oai:riubu.ubu.es:10259/9799" metadataPrefix="marc">https://riubu.ubu.es/oai/request</request><GetRecord><record><header><identifier>oai:riubu.ubu.es:10259/9799</identifier><datestamp>2024-12-18T01:05:29Z</datestamp><setSpec>com_10259_5363</setSpec><setSpec>com_10259_5086</setSpec><setSpec>com_10259_2604</setSpec><setSpec>col_10259_5364</setSpec></header><metadata><record xmlns="http://www.loc.gov/MARC21/slim" xmlns:doc="http://www.lyncode.com/xoai" xmlns:xsi="http://www.w3.org/2001/XMLSchema-instance" xmlns:dcterms="http://purl.org/dc/terms/" xsi:schemaLocation="http://www.loc.gov/MARC21/slim http://www.loc.gov/standards/marcxml/schema/MARC21slim.xsd">
<leader>00925njm 22002777a 4500</leader>
<datafield tag="042" ind1=" " ind2=" ">
<subfield code="a">dc</subfield>
</datafield>
<datafield tag="720" ind1=" " ind2=" ">
<subfield code="a">Smigic, Nada</subfield>
<subfield code="e">author</subfield>
</datafield>
<datafield tag="720" ind1=" " ind2=" ">
<subfield code="a">Ozilgen, Sibel</subfield>
<subfield code="e">author</subfield>
</datafield>
<datafield tag="720" ind1=" " ind2=" ">
<subfield code="a">Gómez-López, Vicente M.</subfield>
<subfield code="e">author</subfield>
</datafield>
<datafield tag="720" ind1=" " ind2=" ">
<subfield code="a">Osés Gómez, Sandra María</subfield>
<subfield code="e">author</subfield>
</datafield>
<datafield tag="720" ind1=" " ind2=" ">
<subfield code="a">Miloradovic, Zorana</subfield>
<subfield code="e">author</subfield>
</datafield>
<datafield tag="720" ind1=" " ind2=" ">
<subfield code="a">Aleksic, Biljana</subfield>
<subfield code="e">author</subfield>
</datafield>
<datafield tag="720" ind1=" " ind2=" ">
<subfield code="a">Miocinovic, Jelena</subfield>
<subfield code="e">author</subfield>
</datafield>
<datafield tag="720" ind1=" " ind2=" ">
<subfield code="a">Smole Možina, Sonja</subfield>
<subfield code="e">author</subfield>
</datafield>
<datafield tag="720" ind1=" " ind2=" ">
<subfield code="a">Kunčič, Ajda</subfield>
<subfield code="e">author</subfield>
</datafield>
<datafield tag="720" ind1=" " ind2=" ">
<subfield code="a">Guiné, Raquel</subfield>
<subfield code="e">author</subfield>
</datafield>
<datafield tag="720" ind1=" " ind2=" ">
<subfield code="a">Gonçalves, João Carlos</subfield>
<subfield code="e">author</subfield>
</datafield>
<datafield tag="720" ind1=" " ind2=" ">
<subfield code="a">Trafialek, Joanna</subfield>
<subfield code="e">author</subfield>
</datafield>
<datafield tag="720" ind1=" " ind2=" ">
<subfield code="a">Czarniecka-Skubina, Ewa</subfield>
<subfield code="e">author</subfield>
</datafield>
<datafield tag="720" ind1=" " ind2=" ">
<subfield code="a">Goel, Gunjan</subfield>
<subfield code="e">author</subfield>
</datafield>
<datafield tag="720" ind1=" " ind2=" ">
<subfield code="a">Blazic, Marijana</subfield>
<subfield code="e">author</subfield>
</datafield>
<datafield tag="720" ind1=" " ind2=" ">
<subfield code="a">Herljevic, Dora</subfield>
<subfield code="e">author</subfield>
</datafield>
<datafield tag="720" ind1=" " ind2=" ">
<subfield code="a">Nikolić, Aleksandra</subfield>
<subfield code="e">author</subfield>
</datafield>
<datafield tag="720" ind1=" " ind2=" ">
<subfield code="a">Mujčinović, Alen</subfield>
<subfield code="e">author</subfield>
</datafield>
<datafield tag="720" ind1=" " ind2=" ">
<subfield code="a">Djekic, Ilija</subfield>
<subfield code="e">author</subfield>
</datafield>
<datafield tag="720" ind1=" " ind2=" ">
<subfield code="a">Djekic</subfield>
<subfield code="e">author</subfield>
</datafield>
<datafield tag="260" ind1=" " ind2=" ">
<subfield code="c">2023-06</subfield>
</datafield>
<datafield tag="520" ind1=" " ind2=" ">
<subfield code="a">Understanding consumers’ behavior and their handling of high-risk foods at home is essential for reducing the number of foodborne illnesses. This study shows the results of a cross-national analysis of consumers’ perception from nine countries, and the identification of customers’ clusters and its characteristics in order to understand customers’ behavior, and to build safe chilled ready-to-eat (RTE) foods prevention strategies. The cluster analysis resulted in two clusters: (1) “Precautious consumers” characterized by the orientation towards pre-packed RTE foods, with consumers mainly coming from Bosnia and Herzegovina, India, Poland, Portugal, Spain, and Turkey. Their attitudes and self-reported practices may be categorized as less risky in terms of food-borne illnesses connected with the consumption of RTE foods; (2) “Unconcerned consumers” preferred cutting and slicing RTE foods freshly at the point of purchase, usually sold at the delicatessen department in a supermarket or at open markets. Those consumers mostly came from Croatia, Serbia and Slovenia and their attitudes and self-reported practices were riskier. These results allow a better understating of what characterizes consumers of RTE foods in different countries.</subfield>
</datafield>
<datafield tag="024" ind2=" " ind1="8">
<subfield code="a">1661-5751</subfield>
</datafield>
<datafield tag="024" ind2=" " ind1="8">
<subfield code="a">http://hdl.handle.net/10259/9799</subfield>
</datafield>
<datafield tag="024" ind2=" " ind1="8">
<subfield code="a">10.1007/s00003-023-01424-1</subfield>
</datafield>
<datafield tag="024" ind2=" " ind1="8">
<subfield code="a">1661-5867</subfield>
</datafield>
<datafield ind1=" " ind2=" " tag="653">
<subfield code="a">Consumers’ perception</subfield>
</datafield>
<datafield ind1=" " ind2=" " tag="653">
<subfield code="a">Chilled ready-to-eat foods</subfield>
</datafield>
<datafield ind1=" " ind2=" " tag="653">
<subfield code="a">Food handling</subfield>
</datafield>
<datafield ind1=" " ind2=" " tag="653">
<subfield code="a">Food safety</subfield>
</datafield>
<datafield tag="245" ind1="0" ind2="0">
<subfield code="a">Consumer attitudes and perceptions towards chilled ready-to-eat foods: a multi-national study</subfield>
</datafield>
</record></metadata></record></GetRecord></OAI-PMH>